|
|
|
|
| LEADER |
00763nam#a2200265#a#4500 |
| 001 |
002480 |
| 005 |
20160721142435.0 |
| 008 |
960619s1976####ag##################spa#d |
| 040 |
|
|
|a AR-BeUNQ
|
| 099 |
|
|
|a 05-C41
|
| 245 |
0 |
0 |
|a Hacia donde va el mundo : ubicación Argentina en este contexto
|c Juan A Chamero.
|
| 260 |
|
|
|a Buenos Aires :
|b Fundación Latina,
|c 1976
|
| 300 |
|
|
|a 121 p
|
| 648 |
|
4 |
|a 1800-1976
|
| 650 |
|
7 |
|a HISTORIA
|2 Spines
|
| 650 |
|
7 |
|a POLITICA ECONOMICA
|2 Spines
|
| 650 |
|
7 |
|a POLITICA SOCIAL
|2 Spines
|
| 650 |
|
7 |
|a EXPLOTACION AGRICOLA
|2 Spines
|
| 650 |
|
7 |
|a DESARROLLO ECONOMICO
|2 Spines
|
| 651 |
|
7 |
|a ARGENTINA
|2 Spines
|
| 651 |
|
7 |
|a BRASIL
|2 Spines
|
| 700 |
1 |
|
|a Chamero, Juan A
|e dir
|4 drt
|
| 929 |
|
|
|j 16312
|
| 942 |
|
|
|c LIB
|n 0
|
| 999 |
|
|
|c 5277
|d 80664
|